Top 10 villes avec le plus d'étoilés Michelin - Statistiques

Statistiques générales
  • Ce quiz a été pris 76 fois
  • Le résultat moyen est 5 sur 10
Statistiques - réponses
Hint Réponse % Correct
132 Paris
100%
68 New York
90%
181 Tokyo
84%
80 Londres
82%
51 Shanghai
46%
92 Osaka
26%
54 Singapour
24%
79 Hong Kong
18%
97 Kyoto
18%
35 Taipei
7%
Aucun quiz correspondant
Distribution des résultats
% des personnes avec chaque résultat
Percentile par nombre de réponses
Votre historique - résultats
Vous n’avez pas pris ce quiz